[Event "4NCL Division 3s"]
[Site "Daventry Court ENG"]
[Date "2015.01.11"]
[Round "4.60"]
[White "Ressel, Eva"]
[Black "Taylor, Will"]
[Result "1-0"]
[WhiteElo "1527"]
[BlackElo "2000"]
[PlyCount "139"]
[EventDate "2015.01.11"]
[WhiteTeam "The Rookies"]
[BlackTeam "West is Best 1"]

1. e4 e5 2. Nf3 Nc6 3. Bc4 Bc5 4. c3 Nf6 5. d4 exd4 6. cxd4 Bb4+ 7. Bd2 Bxd2+
8. Nbxd2 d5 9. exd5 Nxd5 10. Qb3 Na5 11. Qa4+ Nc6 12. Qb3 Nce7 13. O-O O-O 14.
Rfe1 c6 15. Rac1 Nb6 16. Ne5 Nxc4 17. Qxc4 Be6 18. Qd3 Bxa2 19. b3 Nd5 20. Ra1
Nb4 21. Qc3 a5 22. Nd3 Nxd3 23. Qxd3 Bxb3 24. Nxb3 b6 25. Qc4 Qd6 26. Re5 c5
27. Qd5 Qxd5 28. Rxd5 a4 29. Nd2 cxd4 30. Rxd4 b5 31. Rb4 Rfd8 32. Ne4 Rd5 33.
Nc3 Rc5 34. Nxb5 Rb8 35. Rab1 a3 36. Nc3 Rxb4 37. Rxb4 Kf8 38. Rb3 Ra5 39. Rb1
Ke7 40. Kf1 Kd6 41. Na2 Kc5 42. Ke2 Kd4 43. Kd2 Rd5 44. Kc2 Re5 45. Rb4+ Kc5
46. Kb3 Re2 47. Rf4 f6 48. Kxa3 Kd6 49. Kb3 Ke5 50. g3 g5 51. Rf3 f5 52. Nc3
Re1 53. Kc2 Rh1 54. Re3+ Kd6 55. Nb5+ Kd7 56. Re5 f4 57. gxf4 Rxh2 58. fxg5
Rxf2+ 59. Kd3 h6 60. gxh6 Rh2 61. Rd5+ Kc6 62. Rd6+ Kxb5 63. Ke4 Kc5 64. Rf6
Rh4+ 65. Kf5 Kd5 66. Kg6 Ke5 67. Kg7 Rh1 68. Rg6 Kf5 69. h7 Rh2 70. Rg1 1-0

[Event "4NCL Division 3s"]
[Site "Daventry Court ENG"]
[Date "2015.01.11"]
[Round "4.65"]
[White "Thorarinsson, Pall"]
[Black "Ross, Chris N"]
[Result "1-0"]
[WhiteElo "2220"]
[BlackElo "2174"]
[PlyCount "59"]
[EventDate "2015.01.11"]
[WhiteTeam "Fermented Sharks"]
[BlackTeam "e2e4.org.uk 2"]

1. d4 Nf6 2. c4 g6 3. Nf3 Bg7 4. Nc3 d6 5. e4 O-O 6. Be2 e5 7. d5 a5 8. Bg5 Na6
9. Nd2 Qe8 10. O-O Nc5 11. b3 h6 12. Be3 Nh7 13. Nb5 Qe7 14. a3 f5 15. f3 f4
16. Bf2 g5 17. b4 axb4 18. axb4 Na6 19. c5 Bd7 20. c6 Bc8 21. Nc3 h5 22. b5 Bh6
23. cxb7 Bxb7 24. bxa6 Bc8 25. a7 Qg7 26. Nb5 g4 27. Bh4 Kf7 28. Qc2 g3 29. h3
Bg5 30. Qc6 1-0

[Event "4NCL Division 3s"]
[Site "Daventry Court ENG"]
[Date "2015.01.11"]
[Round "4.66"]
[White "Burrows, Martin P"]
[Black "Farkas, Daniel"]
[Result "1/2-1/2"]
[WhiteElo "2136"]
[BlackElo "2137"]
[PlyCount "71"]
[EventDate "2015.01.11"]
[WhiteTeam "e2e4.org.uk 2"]
[BlackTeam "Fermented Sharks"]

1. e4 c6 2. d4 d5 3. e5 c5 4. Nf3 Bg4 5. dxc5 e6 6. c3 Nc6 7. Bb5 Bxf3 8. Qxf3
Bxc5 9. Qg3 Nge7 10. Bxc6+ bxc6 11. Qxg7 Rg8 12. Qxh7 Rxg2 13. Rf1 Nf5 14. Qh8+
Kd7 15. Qxd8+ Rxd8 16. Bf4 Rg4 17. Bg3 Re4+ 18. Kd1 Nxg3 19. hxg3 Rxe5 20. Nd2
Rf5 21. Ke2 e5 22. Nf3 e4 23. Nd4 Bxd4 24. cxd4 Rb8 25. b3 Rb4 26. Rad1 Rf3 27.
Rh1 a5 28. Rd2 a4 29. bxa4 Rxa4 30. Rh7 Ke7 31. Rh6 Rc3 32. Rb2 Rxd4 33. Rb7+
Kf8 34. Rf6 e3 35. Rfxf7+ Kg8 36. Rg7+ 1/2-1/2

[Event "4NCL Division 3s"]
[Site "Daventry Court ENG"]
[Date "2015.01.11"]
[Round "4.67"]
[White "Agnew, Alan"]
[Black "Taylor, Adam A"]
[Result "1/2-1/2"]
[WhiteElo "2092"]
[BlackElo "2098"]
[PlyCount "42"]
[EventDate "2015.01.11"]
[WhiteTeam "Fermented Sharks"]
[BlackTeam "e2e4.org.uk 2"]

1. e4 c5 2. Nf3 Nc6 3. d3 e6 4. g3 Be7 5. Bg2 b6 6. O-O Bb7 7. c3 d5 8. e5 Qc7
9. Re1 h5 10. Na3 a6 11. Nc2 Nh6 12. b4 Nf5 13. bxc5 bxc5 14. d4 c4 15. Ne3
Nxe3 16. Bxe3 Na5 17. h4 Bc6 18. Bg5 Ba3 19. Bc1 Be7 20. Bg5 Ba3 21. Bc1 Be7
1/2-1/2

[Event "4NCL Division 3s"]
[Site "Daventry Court ENG"]
[Date "2015.01.11"]
[Round "4.68"]
[White "Mansson, James C"]
[Black "Millward, Kevin Philip"]
[Result "0-1"]
[WhiteElo "2105"]
[BlackElo "1964"]
[PlyCount "110"]
[EventDate "2015.01.11"]
[WhiteTeam "e2e4.org.uk 2"]
[BlackTeam "Fermented Sharks"]

1. d4 d6 2. e4 g6 3. c4 Bg7 4. Nc3 e5 5. dxe5 dxe5 6. Qxd8+ Kxd8 7. f4 Nc6 8.
Nf3 Nd4 9. Kf2 Nxf3 10. gxf3 c6 11. Be3 Kc7 12. h4 h5 13. Rd1 b6 14. a4 Ne7 15.
Be2 Be6 16. a5 Rhb8 17. Rd2 Rd8 18. Rhd1 Rxd2 19. Rxd2 Bf6 20. Kg3 Re8 21. Na4
Nc8 22. b3 Re7 23. axb6+ axb6 24. fxe5 Bxe5+ 25. Bf4 Bd7 26. Nb2 Nd6 27. Nd3
Bxf4+ 28. Kxf4 Ne8 29. Ne5 Bc8 30. Ra2 Ng7 31. Nd3 f6 32. Kg3 g5 33. Nb4 Ne6
34. Rd2 Nf4 35. Bd1 Rd7 36. Rxd7+ Bxd7 37. Nc2 Kd6 38. Nb4 Kc5 39. Na6+ Kd4 40.
Nb8 Be8 41. Na6 Kc3 42. Nc7 Bd7 43. Na8 Kd2 44. Nxb6 Be8 45. b4 Kxd1 46. e5
fxe5 47. hxg5 Ng6 48. Nc8 Ke2 49. Nd6 h4+ 50. Kh2 Bd7 51. b5 cxb5 52. cxb5 Kxf3
53. b6 Bc6 54. Nb5 Kg4 55. Nd6 e4 0-1

[Event "4NCL Division 3s"]
[Site "Daventry Court ENG"]
[Date "2015.01.11"]
[Round "4.69"]
[White "Kay, Jonathan"]
[Black "Lentzos, Ioannis"]
[Result "0-1"]
[WhiteElo "1941"]
[BlackElo "1994"]
[PlyCount "78"]
[EventDate "2015.01.11"]
[WhiteTeam "Fermented Sharks"]
[BlackTeam "e2e4.org.uk 2"]

1. d4 d5 2. Nf3 Nf6 3. e3 Bf5 4. Bd3 Bxd3 5. Qxd3 c6 6. c4 e6 7. Nc3 Nbd7 8.
O-O Bb4 9. Nd2 O-O 10. e4 dxe4 11. Ndxe4 Nxe4 12. Nxe4 Ne5 13. Qb3 Qxd4 14.
Qxb4 Qxe4 15. b3 b6 16. Re1 Qf5 17. Qd6 Rad8 18. Qa3 Nd3 19. Rf1 Rd7 20. Be3
Rfd8 21. Rad1 e5 22. Qa4 Qe4 23. Rxd3 Qxd3 24. Qxc6 Qd6 25. Qe4 Qe6 26. c5 f5
27. Qc4 Qxc4 28. bxc4 bxc5 29. Bxc5 Rc8 30. Bb4 Rxc4 31. a3 Rd5 32. Ra1 e4 33.
Kf1 f4 34. Ke1 a5 35. Bd2 e3 36. fxe3 fxe3 37. Bc1 Rc2 38. Rb1 Rxg2 39. Rb7
Rg1+ 0-1

[Event "4NCL Division 3s"]
[Site "Daventry Court ENG"]
[Date "2015.01.11"]
[Round "4.70"]
[White "Ganger, Rajan"]
[Black "Mc Aleenan, Charles"]
[Result "1-0"]
[WhiteElo "1986"]
[BlackElo "1795"]
[PlyCount "91"]
[EventDate "2015.01.11"]
[WhiteTeam "e2e4.org.uk 2"]
[BlackTeam "Fermented Sharks"]

1. e4 d6 2. d4 Nf6 3. Bd3 e5 4. c3 Nbd7 5. Nf3 c6 6. O-O Qc7 7. Re1 Be7 8. Nbd2
h6 9. Nf1 g5 10. Ng3 Nf8 11. Nf5 Bxf5 12. exf5 O-O-O 13. Qc2 g4 14. Nd2 exd4
15. cxd4 d5 16. Nf1 Bd6 17. Bd2 N8d7 18. b4 h5 19. b5 c5 20. dxc5 Nxc5 21. Bg5
Ncd7 22. Qa4 Qb6 23. Ne3 Rde8 24. Qc2+ Kb8 25. a4 Be5 26. Rad1 h4 27. a5 Qd6
28. Nf1 Rc8 29. Qa4 g3 30. fxg3 hxg3 31. Nxg3 Bxg3 32. hxg3 Ka8 33. Bf4 Qc5+
34. Be3 Qd6 35. Qd4 Nc5 36. Bf4 Qd8 37. Bg5 Ncd7 38. a6 Rg8 39. axb7+ Kxb7 40.
Bxf6 Nxf6 41. b6 axb6 42. Ra1 Rc6 43. Qa4 Kc7 44. Qa7+ Kd6 45. Qxf7 Rf8 46.
Qe6+ 1-0

[Event "4NCL Division 3s"]
[Site "Daventry Court ENG"]
[Date "2015.01.11"]
[Round "4.75"]
[White "Savory, Richard"]
[Black "Maciol, Ryszard"]
[Result "1/2-1/2"]
[WhiteElo "2106"]
[BlackElo "2204"]
[PlyCount "39"]
[EventDate "2015.01.11"]
[WhiteTeam "Downend & Fishponds"]
[BlackTeam "Celtic Tigers 1"]

1. e4 e6 2. Nf3 d5 3. e5 c5 4. b4 d4 5. Bb2 Nh6 6. Bd3 Nc6 7. a3 cxb4 8. O-O
Bc5 9. Qe2 Nf5 10. axb4 Bxb4 11. Bb5 O-O 12. Qc4 a5 13. c3 dxc3 14. dxc3 Be7
15. Ba3 Qd5 16. Qe2 Rd8 17. Bc4 Qd7 18. Nbd2 b6 19. Rfb1 Qc7 20. g4 1/2-1/2

[Event "4NCL Division 3s"]
[Site "Daventry Court ENG"]
[Date "2015.01.11"]
[Round "4.76"]
[White "Pedersen, Carsten"]
[Black "Thompson, Rob"]
[Result "1-0"]
[WhiteElo "2148"]
[BlackElo "1998"]
[PlyCount "133"]
[EventDate "2015.01.11"]
[WhiteTeam "Celtic Tigers 1"]
[BlackTeam "Downend & Fishponds"]

1. e4 d6 2. Nc3 Nf6 3. d3 g6 4. g3 Bg7 5. Bg2 O-O 6. f4 c5 7. Nf3 Nc6 8. O-O
Ne8 9. Be3 Nd4 10. h3 Nc7 11. Rb1 e6 12. Bf2 Rb8 13. a3 b5 14. e5 dxe5 15. Nxe5
Bb7 16. Bxb7 Rxb7 17. Ne4 Qd5 18. c3 Nb3 19. Re1 f6 20. Nd7 Qxd7 21. Qxb3 Na6
22. Nxc5 Nxc5 23. Bxc5 Re8 24. Re3 Kh8 25. Rbe1 e5 26. Kh2 Rc8 27. d4 exf4 28.
Re7 fxg3+ 29. Kxg3 Qc6 30. R1e6 Qh1 31. Re8+ Rxe8 32. Rxe8+ Bf8 33. Rxf8+ Kg7
34. Rg8+ Kh6 35. Qc2 Qg1+ 36. Qg2 Qe3+ 37. Qf3 Qg5+ 38. Kf2 Qd2+ 39. Qe2 Qf4+
40. Kg2 Qg5+ 41. Kf2 Qf4+ 42. Qf3 Qd2+ 43. Kf1 Qc1+ 44. Ke2 Qxb2+ 45. Kd3 Qb1+
46. Ke3 Qe1+ 47. Qe2 Qxc3+ 48. Ke4 f5+ 49. Ke5 Qxc5+ 50. dxc5 Re7+ 51. Kd6 Rxe2
52. c6 a5 53. c7 Rc2 54. c8=Q Rxc8 55. Rxc8 b4 56. axb4 axb4 57. Ke5 Kg5 58.
Rc4 b3 59. Rb4 b2 60. Rxb2 Kh4 61. Kf4 Kxh3 62. Rb7 h5 63. Rg7 Kh2 64. Rxg6 h4
65. Kf3 h3 66. Rh6 f4 67. Kf2 1-0

[Event "4NCL Division 3s"]
[Site "Daventry Court ENG"]
[Date "2015.01.11"]
[Round "4.77"]
[White "Meadows, Mike"]
[Black "Quinn, John"]
[Result "1/2-1/2"]
[WhiteElo "1849"]
[BlackElo "2119"]
[PlyCount "40"]
[EventDate "2015.01.11"]
[WhiteTeam "Downend & Fishponds"]
[BlackTeam "Celtic Tigers 1"]

1. e4 c5 2. Nf3 e6 3. d4 cxd4 4. Nxd4 Nc6 5. Nc3 Qc7 6. Be3 a6 7. Be2 Nf6 8.
O-O Bb4 9. Na4 Be7 10. Nxc6 bxc6 11. Nb6 Rb8 12. Nxc8 Qxc8 13. Bd4 c5 14. Bc3
O-O 15. Qd3 Rb6 16. b3 d5 17. exd5 Nxd5 18. Be5 Bf6 19. Bxf6 Nxf6 20. Rfd1 Qc7
1/2-1/2

[Event "4NCL Division 3s"]
[Site "Daventry Court ENG"]
[Date "2015.01.11"]
[Round "4.78"]
[White "Skulte, Chris"]
[Black "Humphreys, Jerry"]
[Result "1/2-1/2"]
[WhiteElo "1968"]
[BlackElo "2056"]
[PlyCount "23"]
[EventDate "2015.01.11"]
[WhiteTeam "Celtic Tigers 1"]
[BlackTeam "Downend & Fishponds"]

1. e4 c5 2. Nf3 e6 3. d4 cxd4 4. Nxd4 Nf6 5. Nc3 d6 6. Be2 Be7 7. O-O a6 8. f4
Nc6 9. Be3 Qc7 10. Qe1 O-O 11. Qg3 Nxd4 12. Bxd4 1/2-1/2

[Event "4NCL Division 3s"]
[Site "Daventry Court ENG"]
[Date "2015.01.11"]
[Round "4.79"]
[White "White, Martin"]
[Black "Evans, Craig"]
[Result "1/2-1/2"]
[WhiteElo "1830"]
[BlackElo "1972"]
[PlyCount "22"]
[EventDate "2015.01.11"]
[WhiteTeam "Downend & Fishponds"]
[BlackTeam "Celtic Tigers 1"]

1. e4 e5 2. Nf3 Nc6 3. Bc4 Nf6 4. d3 h6 5. c3 d6 6. Nbd2 Qe7 7. Bb3 g6 8. O-O
Bg7 9. Re1 O-O 10. h3 Kh7 11. d4 Ne8 1/2-1/2

[Event "4NCL Division 3s"]
[Site "Daventry Court ENG"]
[Date "2015.01.11"]
[Round "4.85"]
[White "Rawlinson, Aidan"]
[Black "Hall, John"]
[Result "1/2-1/2"]
[WhiteElo "2190"]
[BlackElo "2249"]
[PlyCount "27"]
[EventDate "2015.01.11"]
[WhiteTeam "Oxford 2"]
[BlackTeam "Leeds University Old Boys"]

1. e4 c5 2. Nf3 d6 3. d4 cxd4 4. Nxd4 Nf6 5. Nc3 g6 6. Be3 Bg7 7. f3 Nc6 8. Qd2
O-O 9. O-O-O d5 10. Kb1 Nxd4 11. e5 Nf5 12. exf6 Bxf6 13. Nxd5 Qxd5 14. Qxd5
1/2-1/2

[Event "4NCL Division 3s"]
[Site "Daventry Court ENG"]
[Date "2015.01.11"]
[Round "4.87"]
[White "Dickinson, Tim R"]
[Black "Mossong, Hubert"]
[Result "1-0"]
[WhiteElo "2107"]
[BlackElo "2100"]
[PlyCount "165"]
[EventDate "2015.01.11"]
[WhiteTeam "Oxford 2"]
[BlackTeam "Leeds University Old Boys"]

1. d4 d6 2. Nf3 Bg4 3. e4 Nf6 4. Nc3 c6 5. Be2 e6 6. O-O Be7 7. Bf4 d5 8. exd5
Nxd5 9. Nxd5 cxd5 10. h3 Bxf3 11. Bb5+ Nc6 12. Bxc6+ bxc6 13. Qxf3 O-O 14. c3
c5 15. dxc5 Bxc5 16. Rfd1 Qb6 17. Qe2 Rac8 18. Rd3 Rfe8 19. Be3 Bxe3 20. Rxe3
Rb8 21. b3 Rec8 22. Rc1 a5 23. c4 d4 24. Rd3 Qc5 25. Re1 a4 26. Qe5 axb3 27.
axb3 Qxe5 28. Rxe5 Kf8 29. Re4 Rd8 30. Kf1 Rd6 31. Ke2 Rdb6 32. Rexd4 Rxb3 33.
Rxb3 Rxb3 34. Rd3 Rb4 35. Rc3 Ke7 36. Kd3 Kd6 37. Ra3 Rb2 38. Ke3 Rb7 39. Kd4
e5+ 40. Kc3 f6 41. Ra6+ Kc5 42. Ra5+ Kc6 43. h4 Kd6 44. h5 Ke6 45. g4 Kd6 46.
Ra6+ Kc5 47. h6 Rf7 48. hxg7 Rxg7 49. f3 e4 50. fxe4 Rxg4 51. Ra5+ Kb6 52. Rb5+
Kc6 53. Kd4 Rg1 54. Rf5 Rd1+ 55. Ke3 Re1+ 56. Kd3 Rd1+ 57. Ke2 Rd4 58. Rxf6+
Kc5 59. Ke3 Rxc4 60. Kf4 Rc1 61. Ke5 Rg1 62. Rf7 Rg5+ 63. Kf6 Rg6+ 64. Kf5 Rh6
65. Rd7 Rh1 66. e5 h5 67. e6 h4 68. e7 Re1 69. Kf6 h3 70. Rd2 Kc6 71. Kf7 Rf1+
72. Ke8 Ra1 73. Re2 h2 74. Rxh2 Re1 75. Rd2 Kc7 76. Rd4 Re2 77. Rd3 Re1 78.
Rc3+ Kb7 79. Rc4 Re2 80. Kd7 Rd2+ 81. Ke6 Re2+ 82. Kd6 Re1 83. Rc5 1-0

[Event "4NCL Division 3s"]
[Site "Daventry Court ENG"]
[Date "2015.01.11"]
[Round "4.89"]
[White "Nandi, Robin"]
[Black "Taylor, Mark"]
[Result "1-0"]
[WhiteElo "1955"]
[BlackElo "2075"]
[PlyCount "49"]
[EventDate "2015.01.11"]
[WhiteTeam "Oxford 2"]
[BlackTeam "Leeds University Old Boys"]

1. e4 e6 2. d4 d5 3. Nc3 Bb4 4. e5 c5 5. a3 Bxc3+ 6. bxc3 Ne7 7. Nf3 Bd7 8. Bd3
Nbc6 9. O-O Qc7 10. Re1 f6 11. exf6 gxf6 12. c4 O-O-O 13. Bb2 Rhg8 14. Rc1 cxd4
15. cxd5 Nxd5 16. Nxd4 Nf4 17. g3 Nxd4 18. Bxd4 Bc6 19. Be3 Nxd3 20. cxd3 Qd7
21. Qa4 Qd5 22. Rxc6+ bxc6 23. Qxa7 Qd6 24. Rb1 Rd7 25. Qa8+ 1-0

[Event "4NCL Division 3s"]
[Site "Daventry Court ENG"]
[Date "2015.01.11"]
[Round "4.95"]
[White "Hughes, Roy"]
[Black "James, Angus S"]
[Result "1-0"]
[WhiteElo "2005"]
[BlackElo "1958"]
[PlyCount "110"]
[EventDate "2015.01.11"]
[WhiteTeam "Broadland Bitterns [1]"]
[BlackTeam "Surbiton 2"]

1. d4 Nf6 2. Nf3 e6 3. Bf4 c5 4. e3 Qb6 5. Nc3 cxd4 6. exd4 Qxb2 7. Bd2 Qb6 8.
Bd3 Be7 9. O-O O-O 10. Rb1 Qd8 11. Qe2 d6 12. Rfe1 Nbd7 13. Rb3 b6 14. Ng5 Bb7
15. Nce4 Nxe4 16. Nxe4 g6 17. Qe3 Re8 18. Qh3 Nf6 19. Ng5 Bf8 20. Bb5 Re7 21.
Qh4 Bg7 22. Rh3 h5 23. Nf3 Ng4 24. Bg5 f6 25. Bd2 Qc7 26. Bd3 Bxf3 27. gxf3 Nh6
28. Bxh6 Bxh6 29. Bxg6 Rg7 30. Rg3 Qc3 31. Rxe6 Qa1+ 32. Kg2 Bg5 33. Qxh5 Qxd4
34. Rh3 Kf8 35. Rg3 Qh4 36. Qxh4 Bxh4 37. Rg4 Bg5 38. f4 Rxg6 39. fxg5 Rc8 40.
c4 Rc5 41. h4 Kf7 42. Rxd6 fxg5 43. Rd7+ Ke6 44. Rxa7 Kf5 45. Rxg5+ Rxg5+ 46.
hxg5 Kxg5 47. Ra4 Kf4 48. Rb4 Rg5+ 49. Kf1 Rc5 50. a3 Kf3 51. Rb3+ Kf4 52. Rxb6
Rxc4 53. Rb4 Rxb4 54. axb4 Ke4 55. Ke2 Kd4 1-0

[Event "4NCL Division 3s"]
[Site "Daventry Court ENG"]
[Date "2015.01.11"]
[Round "4.96"]
[White "Durrant, Paul EO"]
[Black "Dilleigh, Stephen P"]
[Result "1/2-1/2"]
[WhiteElo "1524"]
[BlackElo "2126"]
[PlyCount "44"]
[EventDate "2015.01.11"]
[WhiteTeam "Surbiton 2"]
[BlackTeam "Broadland Bitterns [1]"]

1. e4 e6 2. d4 d5 3. e5 c5 4. c3 Qb6 5. Nf3 Nc6 6. dxc5 Bxc5 7. Qc2 Qc7 8. Bf4
Nge7 9. Bb5 Ng6 10. Bxc6+ bxc6 11. Bg3 Ba6 12. h4 h6 13. Nbd2 O-O 14. Nb3 Bb6
15. O-O-O c5 16. Bh2 Rfc8 17. h5 Nf8 18. g4 Nh7 19. Qd2 Qe7 20. Bf4 Bd8 21. Kb1
Bb7 22. Rh3 Rab8 1/2-1/2

[Event "4NCL Division 3s"]
[Site "Daventry Court ENG"]
[Date "2015.01.11"]
[Round "4.97"]
[White "Moore, Gerald"]
[Black "Alcock, Graham P"]
[Result "0-1"]
[WhiteElo "2137"]
[BlackElo "1705"]
[PlyCount "122"]
[EventDate "2015.01.11"]
[WhiteTeam "Broadland Bitterns [1]"]
[BlackTeam "Surbiton 2"]

1. Nf3 Nf6 2. c4 c5 3. Nc3 g6 4. e4 Nc6 5. d4 cxd4 6. Nxd4 d6 7. Be2 Bg7 8. Be3
Bd7 9. O-O O-O 10. Nc2 Qc8 11. f3 Re8 12. Qd2 Ne5 13. Na3 Nc6 14. Rac1 Qd8 15.
Rfd1 Be6 16. Nd5 Ne5 17. Nb5 Rf8 18. Nbc7 Bxd5 19. cxd5 Rc8 20. Nb5 a6 21. Nd4
Qe8 22. Nb3 Qd7 23. Na5 Rb8 24. Rc2 Rfc8 25. Rdc1 Rxc2 26. Qxc2 Ne8 27. h3 Qd8
28. b4 h5 29. f4 Bh6 30. g3 Nd7 31. Ba7 Nef6 32. Bxb8 Qxb8 33. Bd3 h4 34. Qf2
hxg3 35. Qxg3 Nh5 36. Qf3 Nxf4 37. Rc2 Qa7+ 38. Kh2 Qd4 39. Bf1 Nf6 40. Bg2
Qxb4 41. Nc4 N4h5 42. Bf1 Qe1 43. Re2 Qc1 44. Rf2 Bf4+ 45. Kg2 Bg3 46. Rd2 Be1
47. Rd1 Qg5+ 48. Kh1 Bh4 49. Bd3 Ng3+ 50. Kh2 b5 51. Nd2 Qe5 52. Kg1 Nfh5 53.
Nf1 Bf6 54. Nxg3 Nxg3 55. Kg2 Nh5 56. Kh1 Ng3+ 57. Kg2 Nh5 58. Kh1 Nf4 59. Bf1
Bg5 60. Rc1 Qd4 61. Rc2 Qa4 0-1

[Event "4NCL Division 3s"]
[Site "Daventry Court ENG"]
[Date "2015.01.11"]
[Round "4.99"]
[White "McEwan, Ken B"]
[Black "Moss, Stephen"]
[Result "1-0"]
[WhiteElo "2086"]
[BlackElo "1739"]
[PlyCount "119"]
[EventDate "2015.01.11"]
[WhiteTeam "Broadland Bitterns [1]"]
[BlackTeam "Surbiton 2"]

1. d4 d5 2. Bf4 Nf6 3. e3 e6 4. Nd2 c5 5. c3 Nc6 6. Bd3 Be7 7. h3 Bd6 8. Bxd6
Qxd6 9. Ngf3 cxd4 10. exd4 O-O 11. O-O e5 12. Nxe5 Nxe5 13. dxe5 Qxe5 14. Nf3
Qc7 15. Re1 Bd7 16. Nd4 Rfe8 17. Qc2 g6 18. Rad1 a6 19. Qb1 Qf4 20. Qc1 Qxc1
21. Rxc1 Rxe1+ 22. Rxe1 Re8 23. Rxe8+ Bxe8 24. Kf1 Ne4 25. Ke2 Nc5 26. Bc2 f5
27. Ke3 Kf7 28. h4 Kf6 29. b4 Ne4 30. Bxe4 dxe4 31. f4 h6 32. Nb3 Bf7 33. Nc5
Bd5 34. Kd4 Bc6 35. g3 g5 36. hxg5+ hxg5 37. c4 gxf4 38. gxf4 Ke7 39. Nb3 Kd6
40. Nd2 Bd7 41. Nf1 b6 42. Ne3 Be6 43. a3 Kc6 44. Ke5 Kd7 45. c5 bxc5 46. bxc5
Ke7 47. c6 Bc8 48. Nd5+ Kf7 49. c7 Ke8 50. Nb6 Bb7 51. Kd4 Ke7 52. c8=Q Bxc8
53. Nxc8+ Kd7 54. Nb6+ Kc6 55. Nc4 Kb5 56. Nd6+ Ka4 57. Nxf5 Kxa3 58. Kc3 a5
59. Ne3 a4 60. f5 1-0

[Event "4NCL Division 3s"]
[Site "Daventry Court ENG"]
[Date "2015.01.11"]
[Round "4.105"]
[White "Rutter, Nick"]
[Black "Swanson, Stephen"]
[Result "1-0"]
[WhiteElo "2151"]
[BlackElo "2220"]
[PlyCount "31"]
[EventDate "2015.01.11"]
[WhiteTeam "Shropshire"]
[BlackTeam "Poisoned Pawns"]

1. e4 g6 2. d4 Bg7 3. Nc3 d6 4. f4 a6 5. Nf3 b5 6. Bd3 Nd7 7. e5 c5 8. Be4 Rb8
9. O-O Nh6 10. f5 cxd4 11. Bxh6 Bxh6 12. Qxd4 dxe5 13. Nxe5 Bg7 14. Bc6 O-O 15.
Bxd7 Bxd7 16. f6 1-0

[Event "4NCL Division 3s"]
[Site "Daventry Court ENG"]
[Date "2015.01.11"]
[Round "4.107"]
[White "Bryant, Richard BE"]
[Black "Kemp, Paul R"]
[Result "1/2-1/2"]
[WhiteElo "1904"]
[BlackElo "2087"]
[PlyCount "129"]
[EventDate "2015.01.11"]
[WhiteTeam "Shropshire"]
[BlackTeam "Poisoned Pawns"]

1. e4 c6 2. Nc3 d5 3. Nf3 Bg4 4. h3 Bxf3 5. Qxf3 Nf6 6. e5 Nfd7 7. d4 e6 8. Qg3
a6 9. Bd3 c5 10. dxc5 Nc6 11. f4 Nxc5 12. O-O Nxd3 13. cxd3 g6 14. Kh1 h5 15.
Qf2 Rc8 16. Rd1 h4 17. Rb1 b5 18. a3 b4 19. Ne2 Be7 20. Be3 Kf8 21. axb4 Bxb4
22. Ra1 a5 23. Ng1 d4 24. Bd2 Kg7 25. Nf3 Be7 26. Rdc1 Qd5 27. Rc4 Rhd8 28. Be1
Nb4 29. Bxb4 axb4 30. Rxc8 Rxc8 31. Qxd4 Qb5 32. Qe3 Rc2 33. Ng5 Rxb2 34. Qe1
Qxd3 35. Qxh4 Rb1+ 36. Rxb1 Qxb1+ 37. Kh2 Bxg5 38. Qxg5 Qf5 39. Qg3 Qe4 40. Qg5
Qf5 41. Qg3 f6 42. exf6+ Qxf6 43. Qe3 Qf5 44. Qd4+ e5 45. fxe5 Qe6 46. Qxb4
Qxe5+ 47. Kg1 Qe3+ 48. Kf1 Qd3+ 49. Kf2 Qc2+ 50. Kg3 Qd3+ 51. Kh2 Qe2 52. Qd4+
Kh7 53. h4 Qc2 54. Qe5 Qc4 55. Qe7+ Kh6 56. Qg5+ Kh7 57. h5 Qc7+ 58. g3 gxh5
59. Qxh5+ Kg7 60. Qg5+ Kf7 61. Qf5+ Kg7 62. Kh3 Qd6 63. Kh4 Qd4+ 64. g4 Qd6 65.
Qg5+ 1/2-1/2

[Event "4NCL Division 3s"]
[Site "Daventry Court ENG"]
[Date "2015.01.11"]
[Round "4.109"]
[White "Paul, Nathanael"]
[Black "McCorry, Robert T"]
[Result "1-0"]
[WhiteElo "1904"]
[BlackElo "2061"]
[PlyCount "95"]
[EventDate "2015.01.11"]
[WhiteTeam "Shropshire"]
[BlackTeam "Poisoned Pawns"]

1. e4 c5 2. Nf3 d6 3. d4 cxd4 4. Nxd4 Nf6 5. Nc3 a6 6. Bg5 e6 7. Be2 Be7 8. Qd2
h6 9. Be3 Qc7 10. O-O-O Nbd7 11. f3 b5 12. g4 Nb6 13. h4 b4 14. Nb1 Nc4 15.
Bxc4 Qxc4 16. g5 hxg5 17. hxg5 Rxh1 18. Rxh1 Nd7 19. b3 Qc7 20. Qxb4 Ne5 21.
Rh8+ Bf8 22. Qd2 Ng6 23. Rh2 Bb7 24. Nc3 Rc8 25. Na4 d5 26. f4 dxe4 27. c4 Bd6
28. Ne2 Rd8 29. Qb2 Qe7 30. Qxg7 Ba3+ 31. Kc2 Rd3 32. Bd4 Qb4 33. Bc3 Qd6 34.
Rh7 Rxc3+ 35. Qxc3 Bb4 36. Qe3 e5 37. f5 Nf4 38. Rh8+ Kd7 39. Nec3 Nd3 40. Nb6+
Kc6 41. Qxe4+ Kxb6 42. Qxd3 e4 43. Qxd6+ Bxd6 44. Rh7 e3 45. Kd3 Bf4 46. g6
fxg6 47. fxg6 Be5 48. g7 1-0

[Event "4NCL Division 3s"]
[Site "Daventry Court ENG"]
[Date "2015.01.11"]
[Round "4.110"]
[White "McMahon, Paul"]
[Black "Tarr, Steve"]
[Result "1/2-1/2"]
[WhiteElo "1985"]
[BlackElo "1747"]
[PlyCount "125"]
[EventDate "2015.01.11"]
[WhiteTeam "Poisoned Pawns"]
[BlackTeam "Shropshire"]

1. Nc3 d5 2. e4 dxe4 3. Nxe4 g6 4. d4 Bg7 5. c3 Nf6 6. Nxf6+ Bxf6 7. Bh6 Nc6 8.
Nf3 Qd5 9. Bf4 Qe4+ 10. Be3 Bf5 11. Bc4 O-O 12. O-O e5 13. Nd2 Qc2 14. Qxc2
Bxc2 15. Rac1 exd4 16. cxd4 Bf5 17. Nf3 Bg4 18. Bd5 Bxf3 19. Bxf3 Nxd4 20. Bxd4
Bxd4 21. Bxb7 Bxb2 22. Rxc7 Rab8 23. Rd1 Bf6 24. Bd5 a5 25. g3 Rbe8 26. Ra7 Bd8
27. Bb3 Re7 28. Rad7 Rxd7 29. Rxd7 Kg7 30. Bxf7 Bb6 31. Bb3+ Kh6 32. Rd2 Rd8
33. Re2 Bc5 34. Kg2 Bb4 35. Rc2 Rd7 36. h4 Kg7 37. Kf3 h6 38. Kg4 h5+ 39. Kf3
Kh6 40. Rc6 Rd6 41. Rc8 Kg7 42. Rc7+ Kh6 43. Bg8 g5 44. hxg5+ Kxg5 45. Ke4 Rh6
46. f4+ Kf6 47. Rf7+ Kg6 48. f5+ Kg5 49. Rg7+ Kf6 50. Rf7+ Kg5 51. Rg7+ Kf6 52.
Rd7 Kg5 53. Rh7 Rxh7 54. Bxh7 Kf6 55. Bg6 Be1 56. Kf4 Bd2+ 57. Kf3 Bc3 58. a4
Be1 59. Kf4 Bd2+ 60. Ke4 Be1 61. Bxh5 Bxg3 62. Be2 Be1 63. Bc4 1/2-1/2

[Event "4NCL Division 3s"]
[Site "Daventry Court ENG"]
[Date "2015.01.11"]
[Round "4.115"]
[White "Myall, Ivan"]
[Black "Willmoth, Rob"]
[Result "1-0"]
[WhiteElo "2038"]
[BlackElo "2143"]
[PlyCount "107"]
[EventDate "2015.01.11"]
[WhiteTeam "Anglian Avengers 2"]
[BlackTeam "Barnet Knights 1"]

1. e4 e6 2. d4 d5 3. e5 c5 4. c3 Nc6 5. Nf3 Qb6 6. a3 Nh6 7. Bd3 cxd4 8. cxd4
Bd7 9. Bc2 Rc8 10. Nc3 Be7 11. O-O a6 12. h3 Ng8 13. Na4 Qc7 14. Nc3 b5 15. Bd3
Qb6 16. Be3 Na5 17. Qe2 Nc4 18. Nd1 a5 19. Bc1 b4 20. axb4 axb4 21. Ne3 Na5 22.
Bd2 Bd8 23. Nc2 Nc6 24. Ra6 Qb7 25. Rfa1 Rb8 26. b3 Nge7 27. R6a4 Nc8 28. Nxb4
Nxb4 29. Rxb4 Nb6 30. Bg5 f6 31. exf6 gxf6 32. Bf4 Be7 33. Bxb8 Bxb4 34. Bf4
O-O 35. Bh6 Rf7 36. Bb5 Bd6 37. Re1 Bc8 38. Rc1 Qe7 39. Rc6 Bc7 40. Qc2 Bb7 41.
Rc3 Qd6 42. g3 e5 43. Qf5 Bc8 44. Qh5 Bb7 45. Qg4+ Kh8 46. Nh4 Bc8 47. Nf5 Bxf5
48. Qxf5 Qe7 49. Rc6 Qd8 50. Re6 Nd7 51. Qf3 e4 52. Qf5 Nf8 53. Re8 Qd6 54. Qc8
1-0

[Event "4NCL Division 3s"]
[Site "Daventry Court ENG"]
[Date "2015.01.11"]
[Round "4.116"]
[White "Brozel, Sacha"]
[Black "Wallis, Ian"]
[Result "1-0"]
[WhiteElo "1863"]
[BlackElo "2009"]
[PlyCount "82"]
[EventDate "2015.01.11"]
[WhiteTeam "Barnet Knights 1"]
[BlackTeam "Anglian Avengers 2"]

1. c4 f5 2. g3 Nf6 3. Bg2 g6 4. d4 Bg7 5. Nh3 d6 6. d5 c6 7. Nf4 Qa5+ 8. Bd2
Qb6 9. Nc3 Qxb2 10. Rb1 Qa3 11. dxc6 bxc6 12. Bxc6+ Nxc6 13. Nb5 Qc5 14. Nc7+
Kf7 15. Nxa8 Ba6 16. Nd3 Qxc4 17. Nc7 Nd4 18. Rc1 Qxa2 19. Nb4 Qb2 20. Ncxa6
Ne4 21. Rb1 Qa3 22. Ra1 Qb3 23. Rc1 Qa3 24. f3 Nxd2 25. Qxd2 Re8 26. Qa2+ Qb3
27. Qxb3+ Nxb3 28. Rc7 Bd4 29. Nd5 Ke6 30. e4 g5 31. Rb7 Nc5 32. Nxc5+ Bxc5 33.
Nc7+ Kf7 34. Nxe8 Kxe8 35. Ke2 fxe4 36. fxe4 a5 37. Ra1 Bb4 38. Rxb4 axb4 39.
Rb1 Kd7 40. Rxb4 e6 41. Rb5 h6 1-0